Normal view MARC view
  • Bijal Parmar - 2k161158; Dr. Ashok Pawar - Guide & Eywa Solution Pvt. Ltd

Entry Personal Name

Number of records used in: 1

001 - CONTROL NUMBER

  • control field: 105119

003 - CONTROL NUMBER IDENTIFIER

  • control field: OSt

005 - DATE AND TIME OF LATEST TRANSACTION

  • control field: 20221007221543.0

008 - FIXED-LENGTH DATA ELEMENTS

  • fixed length control field: 221007|| aca||aabn | a|a d

040 ## - CATALOGING SOURCE

  • Original cataloging agency: OSt
  • Transcribing agency: OSt

100 ## - HEADING--PERSONAL NAME

  • Personal name: Bijal Parmar - 2k161158; Dr. Ashok Pawar - Guide & Eywa Solution Pvt. Ltd

670 ## - SOURCE DATA FOUND

  • Source citation: Work cat.: (OSt)80019: Bijal Parmar - 2k161158; Dr. Ashok Pawar - Guide & Eywa Solution Pvt. Ltd., Lead Generation Using Offline Marketing, 2016